000 00457nam a2200193Ia 4500
005 20240823025514.0
008 240823s9999||||xx |||||||||||||| ||und||
020 _a978-0-19-275337-3
041 _aENGLISH
082 _A823 P3
100 _aAstrid Lindgren
245 4 _aThe Best of Pippi Longstocking
250 _a1st
260 _c2003
_bOxford University
500 _aYES
650 _aLongstocking
_bGeneral
942 _cBK
999 _c186476
_d186476